=LDR 00000nam 2200000 4500 =001 INLIS000000000020669 =005 20130612115616 =008 ***********************************Ind** =035 ##$$0010-061300000020669 =041 ##$$a Ind =082 ##$$a 510.7 =090 ##$$a 510.7, Agu m =100 ##$$a Agus S.K =245 ##$$a Matematika untuk SMA kelas xi program ilmu sosial dan bahasa =260 ##$$a 2005 $b Semarang =300 ##$$a ...jil, ilus, 25 cm =650 ##$$a Matematika-Studi dan Pengajaran =850 ##$$a NBPNMAT